000 00546 a2200169 4500
020 _a9812385762
020 _a9789812385765
082 0 4 _a512
090 _c404
_d404
100 1 _aSnaith, Victor P.
245 1 0 _aGroups, rings and galois theory /
_cVictor P. Snaith.
250 _a2nd ed.
260 _a[S.l.] :
_bWorld Scientific Pub Co Inc,
_c2003.
300 _a228 p. ;
_c23 cm.
942 _aSNS
_cBK
_k512.2 SNA
999 _c29036
_d29036